| 000 | 00811nam a2200217Ia 4500 | ||
|---|---|---|---|
| 001 | 5004 | ||
| 003 | GE_BSU | ||
| 008 | 181216s||||||||xx |||||||||||||| ||und|| | ||
| 040 | _cGE_BSU | ||
| 080 | _a621.423.1 | ||
| 100 | _aБаранов,В.К. Калинин,В.К. Кацер,М.А. и др. | ||
| 245 | _aМагистральные электровозы:электрические аппараты и схемы. | ||
| 245 | _cРед. Е.В.Горчаков, В.И.Бочаров. | ||
| 260 | _aМ. | ||
| 260 | _bМашиностроение. | ||
| 260 | _c1969. | ||
| 300 | _a368 стр. 27см. Библиогр.: стр.363-364. | ||
| 300 | _eС чертеж. | ||
| 653 | _aМагистральные электровозы:электрические аппараты и схемы. | ||
| 942 | _cBK | ||
| 999 |
_c38716 _d38716 |
||